Kraje w Strefie Schengen- nagła śmierć - Statystyki

Ogólne statystyki
  • Ten quiz został rozwiązany 176 razy
  • Średni wynik to 17 z 29
Answers on the Grid
Answers color-coded by a green-red scale on the quiz's grid according to % correct below.
Włochy
Czechy
Norwegia
Dania
Mołdawia
Turcja
Serbia
Czarnogóra
Estonia
Rumunia
Niemcy
Monako
Szwajcaria
Liechtenstein
Słowacja
Albania
Islandia
Luksemburg
Finlandia
Szwecja
Chorwacja
Polska
Bułgaria
Wielka Brytania
Gruzja
Macedonia Północna
Belgia
Francja
Łotwa
Grecja
Hiszpania
Węgry
Bośnia i Hercegowina
Austria
Litwa
Malta
Niderlandy
Kosowo
Portugalia
Słowenia
 
Statystyki odpowiedzi
Odpowiedź % Poprawnych
Hiszpania
70%
Niemcy
70%
Portugalia
70%
Belgia
68%
Grecja
68%
Dania
64%
Finlandia
64%
Francja
64%
Włochy
64%
Austria
63%
Czechy
63%
Łotwa
63%
Słowacja
63%
Estonia
62%
Chorwacja
60%
Słowenia
59%
Szwecja
58%
Węgry
58%
Litwa
56%
Niderlandy
56%
Polska
56%
Luksemburg
55%
Norwegia
48%
Bułgaria
47%
Rumunia
47%
Szwajcaria
44%
Malta
42%
Islandia
27%
Liechtenstein
23%
Nie znaleziono quizów pasujących do podanych kryteriów
Rozkład punktacji
Procent ludzi z każdym wynikiem
Percentyl według liczby udzielonych odpowiedzi
Twoja historia wyników
Nie rozwiązałeś tego quizu